[Event "Satu Mare Tasnad op"]
[Site "Satu Mare"]
[Date "2013.09.28"]
[Round "4"]
[White "Bonte, Andrei Mihai"]
[Black "Marinescu, Mircea"]
[Result "0-1"]
[WhiteElo "2296"]
[BlackElo "2192"]
[PlyCount "58"]
[EventDate "2013.09.26"]
[EventType "swiss"]
[EventRounds "7"]
[EventCountry "ROU"]
[SourceTitle "EXT 2014"]
[Source "ChessBase"]
[SourceDate "2013.11.20"]
[SourceVersion "1"]
[SourceVersionDate "2013.11.20"]
[SourceQuality "1"]

1. d4 e6 2. Nf3 Nf6 3. c4 Bb4+ 4. Bd2 a5 5. g3 b6 6. Bg2 Ba6 7. Qc2 c6 8. 0-0 0-0 9. Rc1 d5 10. cxd5 Bxd2 11. Nbxd2 cxd5 12. e3 Nbd7 13. Bf1 Bxf1 14. Kxf1 Qb8 15. Qd3 Qb7 16. Rc2 Rfc8 17. Rac1 Ne8 18. Ne5 Nd6 19. Qa3 Rxc2 20. Rxc2 Nxe5 21. Qxd6 Qa6+ 22. Kg2 Nc4 23. Nxc4 dxc4 24. d5 exd5 25. Qxd5 Rc8 26. b3 b5 27. a4 bxa4 28. bxc4 g6 29. e4 Qb6 0-1

[Event "Satu Mare Tasnad op"]
[Site "Satu Mare"]
[Date "2013.09.28"]
[Round "5"]
[White "Marinescu, Mircea"]
[Black "Costachi, Mihnea"]
[Result "1-0"]
[WhiteElo "2192"]
[BlackElo "2171"]
[PlyCount "99"]
[EventDate "2013.09.26"]
[EventType "swiss"]
[EventRounds "7"]
[EventCountry "ROU"]
[SourceTitle "EXT 2014"]
[Source "ChessBase"]
[SourceDate "2013.11.20"]
[SourceVersion "1"]
[SourceVersionDate "2013.11.20"]
[SourceQuality "1"]

1. e4 e5 2. Nf3 Nc6 3. d4 exd4 4. Nxd4 Nf6 5. Nxc6 bxc6 6. Bd3 d5 7. Nc3 Bb4 8. exd5 cxd5 9. 0-0 0-0 10. Ne2 h6 11. c4 dxc4 12. Bxc4 Qxd1 13. Rxd1 Bd6 14. Bf4 Bxf4 15. Nxf4 Bb7 16. f3 Rfd8 17. Kf2 Kf8 18. Rac1 Rxd1 19. Rxd1 g5 20. Ne2 c5 21. Ng3 Re8 22. Nf5 Bc8 23. Nxh6 Be6 24. Bxe6 fxe6 25. h3 Kg7 26. Ng4 Nxg4+ 27. hxg4 Rb8 28. Rd2 Kf6 29. Ke3 Ke5 30. g3 Rb4 31. b3 a5 32. Rc2 Kd5 33. f4 gxf4+ 34. gxf4 e5 35. Rc4 exf4+ 36. Rxf4 Rb8 37. g5 Rg8 38. Rg4 Ke5 39. g6 Kf5 40. Rg2 Rg7 41. Kd3 Ke5 42. Kc4 Kd6 43. Rg5 Kc6 44. Rg3 Kd6 45. Rg5 Kc6 46. Rxc5+ Kb6 47. Rg5 Ka6 48. Kc5 Rc7+ 49. Kd6 Rg7 50. Ke6 1-0

[Event "Arad op"]
[Site "Arad"]
[Date "2013.08.09"]
[Round "9"]
[White "Gilea, Lucian"]
[Black "Marinescu, Mircea"]
[Result "1/2-1/2"]
[WhiteElo "2296"]
[BlackElo "2169"]
[PlyCount "111"]
[EventDate "2013.08.03"]
[EventType "swiss"]
[EventRounds "9"]
[EventCountry "ROU"]
[SourceTitle "CBM 155 Extra"]
[Source "ChessBase"]
[SourceDate "2013.08.26"]
[SourceVersion "1"]
[SourceVersionDate "2013.08.26"]
[SourceQuality "1"]

1. d4 Nf6 2. c4 e6 3. Nf3 Bb4+ 4. Bd2 a5 5. a3 Be7 6. Nc3 d5 7. Bg5 0-0 8. e3 Ne4 9. Bxe7 Qxe7 10. Bd3 f5 11. 0-0 c6 12. Ne5 Nd7 13. Nxd7 Bxd7 14. f4 Kh8 15. Bxe4 fxe4 16. c5 g5 17. Qh5 gxf4 18. Qe5+ Kg8 19. Rxf4 Rxf4 20. Qxf4 Rf8 21. Qg3+ Qg7 22. Qxg7+ Kxg7 23. b4 Ra8 24. bxa5 Rxa5 25. a4 e5 26. Rb1 Bc8 27. Kf2 Kf6 28. Rb6 exd4 29. exd4 Ke7 30. Ke3 Kd7 31. Rb2 Ra8 32. h3 Kc7 33. Rf2 Be6 34. Rf6 Bg8 35. g4 b6 36. cxb6+ Kxb6 37. g5 Rc8 38. Nb5 Re8 39. h4 Be6 40. Nd6 Re7 41. Rf8 Rd7 42. Ne8 Ra7 43. Nf6 Rxa4 44. Nxh7 Ra3+ 45. Kf2 Ra2+ 46. Kg1 c5 47. Rf6 cxd4 48. Rxe6+ Kc5 49. Nf6 d3 50. Re5 Kc4 51. Kf1 Ra1+ 52. Kf2 Ra2+ 53. Ke1 Ra1+ 54. Kd2 Ra2+ 55. Ke1 Ra1+ 56. Kf2 1/2-1/2

[Event "Satu Mare op 2nd"]
[Site "Satu Mare"]
[Date "2011.07.18"]
[Round "5"]
[White "Secheres, Adrian Simion"]
[Black "Marinescu, Mircea"]
[Result "1-0"]
[WhiteElo "2005"]
[BlackElo "2239"]
[PlyCount "71"]
[EventDate "2011.07.15"]
[EventType "swiss"]
[EventRounds "9"]
[EventCountry "ROU"]
[SourceTitle "CBM 143 Extra"]
[Source "ChessBase"]
[SourceDate "2011.08.29"]
[SourceVersion "1"]
[SourceVersionDate "2011.08.29"]
[SourceQuality "1"]

1. d4 e6 2. c4 Nf6 3. Nf3 c5 4. d5 exd5 5. cxd5 d6 6. Nc3 g6 7. Bf4 Bg7 8. Qa4+ Bd7 9. Qb3 Qc7 10. e4 0-0 11. Be2 a6 12. a4 Nh5 13. Be3 f5 14. exf5 Bxf5 15. Nd2 Nf6 16. h3 Qe7 17. 0-0 Nbd7 18. Nc4 Ne4 19. Nxe4 Bxe4 20. Qxb7 Bd4 21. Bg4 Bxe3 22. Nxe3 Bf5 23. Bxf5 gxf5 24. Nc4 Rad8 25. Rae1 Qf6 26. Re6 Qd4 27. Rxd6 Nf6 28. Rxd8 Rxd8 29. Qxa6 Nxd5 30. Qe6+ Kg7 31. Nd6 Ne3 32. Qe7+ Kg6 33. Qxd8 Nxf1 34. Qe8+ Kg5 35. Nf7+ Kf6 36. Qh8+ 1-0

[Event "Chebanenco Memorial"]
[Site "Kishinev"]
[Date "2009.02.05"]
[Round "8"]
[White "Iakymov, Volodymyr"]
[Black "Marinescu, Mircea"]
[Result "1-0"]
[WhiteElo "2442"]
[BlackElo "2258"]
[PlyCount "81"]
[EventDate "2009.01.30"]
[EventType "tourn"]
[EventRounds "11"]
[EventCountry "MDA"]
[EventCategory "1"]
[SourceTitle "EXT 2010"]
[Source "ChessBase"]
[SourceDate "2010.11.25"]
[SourceVersion "1"]
[SourceVersionDate "2010.11.25"]
[SourceQuality "1"]

1. e4 c5 2. c3 Nf6 3. e5 Nd5 4. d4 cxd4 5. Nf3 e6 6. cxd4 d6 7. Bc4 Be7 8. 0-0 Nc6 9. Qe2 0-0 10. Nc3 Re8 11. Nxd5 exd5 12. Bxd5 dxe5 13. Qc4 Na5 14. Bxf7+ Kf8 15. Qd5 Qxd5 16. Bxd5 Rd8 17. Be4 exd4 18. Bxh7 Bg4 19. Ne5 Bh5 20. Bd3 Bf6 21. f4 Kg8 22. Bd2 Nc6 23. Rae1 Re8 24. Bc4+ Kh7 25. Bd3+ Kg8 26. Nd7 Bh4 27. g3 Be7 28. Bc4+ Bf7 29. Bxf7+ Kxf7 30. Ne5+ Nxe5 31. fxe5+ Ke6 32. Kf2 Rf8+ 33. Ke2 Kxe5 34. Kd3+ Kd5 35. Rxf8 Bxf8 36. Re4 Bc5 37. b4 Rf8 38. Bf4 Bb6 39. a4 a6 40. Re5+ Kc6 41. Re6+ 1-0

[Event "Chebanenco Memorial"]
[Site "Kishinev"]
[Date "2009.02.04"]
[Round "7"]
[White "Marinescu, Mircea"]
[Black "Vavric, Pavel"]
[Result "0-1"]
[WhiteElo "2258"]
[BlackElo "2183"]
[PlyCount "84"]
[EventDate "2009.01.30"]
[EventType "tourn"]
[EventRounds "11"]
[EventCountry "MDA"]
[EventCategory "1"]
[SourceTitle "EXT 2010"]
[Source "ChessBase"]
[SourceDate "2010.11.25"]
[SourceVersion "1"]
[SourceVersionDate "2010.11.25"]
[SourceQuality "1"]

1. e4 c5 2. Nf3 Nc6 3. Nc3 g6 4. d4 cxd4 5. Nxd4 Bg7 6. Be3 Nf6 7. Bc4 Qa5 8. f3 Qb4 9. Bb3 Nxe4 10. fxe4 Bxd4 11. Bxd4 Qxd4 12. Qf3 Ne5 13. Qg3 d6 14. Rd1 Qc5 15. Rd5 Qb6 16. Rxe5 dxe5 17. Qxe5 f6 18. Qd5 e6 19. Qd2 Bd7 20. Rf1 0-0-0 21. Rxf6 Rhf8 22. Rf2 Rxf2 23. Qxf2 Qxf2+ 24. Kxf2 Kc7 25. Ke3 Kd6 26. Nb1 a5 27. Nd2 b5 28. c3 e5 29. Bd1 Be6 30. a3 Rb8 31. Be2 g5 32. h3 h6 33. b4 Rc8 34. Kd3 axb4 35. axb4 Ra8 36. Kc2 Ra2+ 37. Kc1 Kc6 38. Bd3 g4 39. h4 Ra8 40. Nf1 Ra1+ 41. Kb2 Ra2+ 42. Kb1 Rxg2 0-1

[Event "Chebanenco Memorial"]
[Site "Kishinev"]
[Date "2009.02.02"]
[Round "4"]
[White "Partac, Elena"]
[Black "Marinescu, Mircea"]
[Result "0-1"]
[WhiteElo "2169"]
[BlackElo "2258"]
[PlyCount "98"]
[EventDate "2009.01.30"]
[EventType "tourn"]
[EventRounds "11"]
[EventCountry "MDA"]
[EventCategory "1"]
[SourceTitle "EXT 2010"]
[Source "ChessBase"]
[SourceDate "2010.11.25"]
[SourceVersion "1"]
[SourceVersionDate "2010.11.25"]
[SourceQuality "1"]

1. e4 e6 2. d4 d5 3. exd5 exd5 4. Bd3 Bd6 5. c3 Ne7 6. Qf3 0-0 7. Ne2 Re8 8. Bg5 f6 9. Be3 Nd7 10. Nf4 Bxf4 11. Qxf4 Nf8 12. Qf3 Qd7 13. 0-0 Qg4 14. Qxg4 Bxg4 15. Bf4 Ne6 16. Bg3 Bf5 17. Bxf5 Nxf5 18. Nd2 h5 19. f3 h4 20. Bf2 Nf4 21. g4 Ne3 22. Bxe3 Rxe3 23. Rfe1 Rae8 24. Kf1 Re2 25. Nb3 b6 26. Rad1 Rxe1+ 27. Rxe1 Rxe1+ 28. Kxe1 Nd3+ 29. Ke2 Nxb2 30. f4 g5 31. fxg5 fxg5 32. Nd2 Kf7 33. Nf3 Kf6 34. Ne5 Nc4 35. Nf3 Nd6 36. Ke3 Ne4 37. c4 Nc3 38. cxd5 Nxa2 39. Ne5 Nc3 40. Nd7+ Ke7 41. Ne5 a5 42. Kd3 Nxd5 43. Ke4 Ke6 44. Nf3 Nf6+ 45. Kd3 Nxg4 46. Nxg5+ Kd5 47. h3 Nf2+ 48. Ke2 Nxh3 49. Nxh3 Kxd4 0-1

[Event "ROM-ch"]
[Site "Cluj"]
[Date "2008.02.25"]
[Round "1"]
[White "Marinescu, Mircea"]
[Black "Nevednichy, Vladislav"]
[Result "0-1"]
[WhiteElo "2252"]
[BlackElo "2538"]
[PlyCount "74"]
[EventDate "2008.02.25"]
[EventType "swiss"]
[EventRounds "9"]
[EventCountry "ROU"]
[SourceTitle "CBM 123 Extra"]
[Source "ChessBase"]
[SourceDate "2008.05.06"]
[SourceVersion "1"]
[SourceVersionDate "2008.05.06"]
[SourceQuality "1"]

1. e4 c5 2. Nf3 d6 3. d4 cxd4 4. Nxd4 Nf6 5. Nc3 Nc6 6. Bc4 e6 7. Bb3 a6 8. Be3 Qc7 9. f3 Na5 10. g4 h6 11. Qe2 b5 12. h4 Nxb3 13. axb3 Bb7 14. 0-0-0 g6 15. g5 Nh5 16. Qd2 hxg5 17. Bxg5 b4 18. Na4 Rb8 19. Qxb4 Bxe4 20. Qe1 Bf5 21. Nxf5 gxf5 22. Qe3 f4 23. Qd3 f6 24. Rhe1 e5 25. Qxa6 Kf7 26. Nc3 fxg5 27. Nd5 Qc8 28. Qa7+ Qb7 29. Qg1 Ra8 30. Nc3 Ng3 31. hxg5 Ra1+ 32. Kd2 Rxd1+ 33. Rxd1 Qxf3 34. Re1 Kg6 35. Qb6 Rh2+ 36. Kc1 Qg2 37. Kb1 Qxc2+ 0-1

[Event "ROM-chT"]
[Site "Predeal"]
[Date "2007.11.19"]
[Round "7"]
[White "Murariu, Andrei"]
[Black "Marinescu, Mircea"]
[Result "1-0"]
[WhiteElo "2503"]
[BlackElo "2244"]
[PlyCount "89"]
[EventDate "2007.10.13"]
[EventType "team-tourn"]
[EventRounds "9"]
[EventCountry "ROU"]
[SourceTitle "EXT 2008"]
[Source "ChessBase"]
[SourceDate "2007.11.25"]
[SourceVersion "1"]
[SourceVersionDate "2007.11.25"]
[SourceQuality "1"]

1. e4 c5 2. Nf3 Nf6 3. e5 Nd5 4. c3 Nc6 5. d4 cxd4 6. cxd4 d6 7. Bc4 e6 8. 0-0 Be7 9. exd6 Qxd6 10. Nc3 0-0 11. Re1 Nxc3 12. bxc3 Bd7 13. Bb3 Na5 14. Bc2 Rac8 15. Qd3 f5 16. Ne5 Be8 17. c4 Qa6 18. Ba3 Bxa3 19. Qxa3 Rd8 20. Rad1 Bh5 21. Rd2 Qb6 22. c5 Qc7 23. Bb3 Nxb3 24. Qxb3 Rd5 25. Nc4 Bf7 26. Nd6 b6 27. Nxf7 Qxf7 28. cxb6 Rb8 29. bxa7 Qxa7 30. Qc4 Qb6 31. h3 Rbd8 32. Rde2 Qxd4 33. Qxd4 Rxd4 34. Rxe6 Rd2 35. Re8+ Rxe8 36. Rxe8+ Kf7 37. Ra8 Rd1+ 38. Kh2 f4 39. Ra4 g5 40. h4 Kg6 41. hxg5 Kxg5 42. Ra5+ Kg4 43. f3+ Kh4 44. Rf5 Rd4 45. Rxf4+ 1-0

[Event "Predeal op"]
[Site "Predeal"]
[Date "2007.??.??"]
[Round "?"]
[White "Gleizerov, Evgeny"]
[Black "Marinescu, Mircea"]
[Result "1-0"]
[WhiteElo "2559"]
[BlackElo "2218"]
[PlyCount "95"]
[EventDate "2007.08.12"]
[EventType "swiss"]
[EventRounds "9"]
[EventCountry "ROU"]
[SourceTitle "CBM 119 Extra"]
[Source "ChessBase"]
[SourceDate "2007.09.04"]
[SourceVersion "1"]
[SourceVersionDate "2007.09.04"]
[SourceQuality "1"]

1. d4 Nf6 2. c4 g6 3. Nc3 Bg7 4. e4 d6 5. Nf3 0-0 6. Be2 e5 7. 0-0 Nc6 8. d5 Ne7 9. Nd2 c5 10. dxc6 bxc6 11. b4 d5 12. Ba3 Bh6 13. Bf3 d4 14. Na4 Nh5 15. g3 Rb8 16. Nc5 Ng7 17. Nd3 Qc7 18. Re1 Ne6 19. Bg2 Bg7 20. c5 f5 21. f3 f4 22. Nc4 h5 23. Nd6 Bd7 24. Nb2 Kh7 25. Nbc4 Ng5 26. gxf4 Rxf4 27. Bc1 Ne6 28. Nb2 Rh4 29. Nd3 Rf8 30. Qc2 Ng8 31. Nc4 g5 32. Nd6 Nf4 33. Bxf4 gxf4 34. Nf5 Bxf5 35. exf5 Kh8 36. Qc4 Nh6 37. Qe6 Nxf5 38. Nxe5 Rf6 39. Qe8+ Kh7 40. Bf1 Ne3 41. Bd3+ Kh6 42. Kh1 Ng4 43. fxg4 hxg4 44. Nxg4+ Rxg4 45. Re7 Rf8 46. Qxf8 Bxf8 47. Rxc7 Kg5 48. Rg1 1-0

[Event "ROM-ch"]
[Site "Predeal"]
[Date "2006.12.05"]
[Round "9"]
[White "Bondoc, Dan Vladimir"]
[Black "Marinescu, Mircea"]
[Result "0-1"]
[WhiteElo "2234"]
[BlackElo "2204"]
[PlyCount "77"]
[EventDate "2006.11.27"]
[EventType "swiss"]
[EventRounds "11"]
[EventCountry "ROU"]
[SourceTitle "CBM 115 Extra"]
[Source "ChessBase"]
[SourceDate "2007.01.10"]
[SourceVersion "1"]
[SourceVersionDate "2007.01.10"]
[SourceQuality "1"]

1. e4 c5 2. Nf3 Nf6 3. Nc3 d5 4. exd5 Nxd5 5. Bb5+ Bd7 6. Ne5 Nf6 7. Qf3 Qc8 8. Bc4 e6 9. d3 Nc6 10. Nxc6 Bxc6 11. Qg3 a6 12. a4 Be7 13. 0-0 b6 14. Bd2 0-0 15. Rfe1 Kh8 16. Bb3 Qb7 17. Ne2 Nd5 18. Nf4 Bd6 19. Ng6+ hxg6 20. Qxd6 Rad8 21. Qg3 Ne7 22. Bg5 Kg8 23. Qh3 Rd6 24. a5 Nf5 25. c3 bxa5 26. Bc4 Bb5 27. Rxa5 Bxc4 28. dxc4 Qe4 29. Raa1 Qxc4 30. g4 Rd3 31. Qg2 Nd6 32. Be3 Qb5 33. Red1 c4 34. Qf1 Qxb2 35. Rxd3 cxd3 36. Rxa6 Nc4 37. Qxd3 Nxe3 38. fxe3 Rb8 39. Qf1 0-1

[Event "ROM-ch"]
[Site "Predeal"]
[Date "2006.12.03"]
[Round "7"]
[White "Vasilescu, Lucian Mihail"]
[Black "Marinescu, Mircea"]
[Result "1-0"]
[WhiteElo "2288"]
[BlackElo "2204"]
[PlyCount "57"]
[EventDate "2006.11.27"]
[EventType "swiss"]
[EventRounds "11"]
[EventCountry "ROU"]
[SourceTitle "CBM 115 Extra"]
[Source "ChessBase"]
[SourceDate "2007.01.10"]
[SourceVersion "1"]
[SourceVersionDate "2007.01.10"]
[SourceQuality "1"]

1. c4 Nf6 2. Nc3 e6 3. Nf3 d5 4. d4 Be7 5. Bf4 c6 6. e3 Nbd7 7. c5 0-0 8. Bd3 Re8 9. b4 Bf8 10. h3 g6 11. 0-0 Nh5 12. Bh2 f6 13. g4 Ng7 14. e4 f5 15. gxf5 dxe4 16. Nxe4 Nxf5 17. Re1 Bg7 18. Bc4 Nf6 19. Nxf6+ Bxf6 20. Be5 Bd7 21. Qb3 Qe7 22. Re4 Rad8 23. Rae1 Kg7 24. Bc7 Rc8 25. Bf4 Rcd8 26. Bxe6 Nxd4 27. Nxd4 Bxd4 28. Rxd4 Bxe6 29. Rxe6 1-0

[Event "ROM-ch"]
[Site "Predeal"]
[Date "2006.11.28"]
[Round "2"]
[White "Marinescu, Mircea"]
[Black "Marin, Mihail"]
[Result "0-1"]
[WhiteElo "2204"]
[BlackElo "2552"]
[PlyCount "52"]
[EventDate "2006.11.27"]
[EventType "swiss"]
[EventRounds "11"]
[EventCountry "ROU"]
[SourceTitle "CBM 115 Extra"]
[Source "ChessBase"]
[SourceDate "2007.01.10"]
[SourceVersion "1"]
[SourceVersionDate "2007.01.10"]
[SourceQuality "1"]

1. e4 e5 2. Nf3 Nc6 3. Bb5 a6 4. Ba4 Nf6 5. 0-0 Be7 6. Re1 b5 7. Bb3 d6 8. c3 0-0 9. h3 Na5 10. Bc2 c5 11. d4 Qc7 12. Nbd2 Nc6 13. a4 cxd4 14. axb5 dxc3 15. Nb3 Nb4 16. b6 Qxb6 17. Be3 Qb7 18. Na5 cxb2 19. Ra4 Qb5 20. Bb3 Be6 21. Bxe6 b1Q 22. Qxb1 Qxa4 23. Qb3 Qxa5 24. Bxf7+ Rxf7 25. Ng5 d5 26. Nxf7 Kxf7 0-1

[Event "Predeal op"]
[Site "Predeal"]
[Date "2006.08.17"]
[Round "8"]
[White "Ardeleanu, Alin"]
[Black "Marinescu, Mircea"]
[Result "1-0"]
[WhiteElo "2424"]
[BlackElo "2188"]
[PlyCount "69"]
[EventDate "2006.08.12"]
[EventType "swiss"]
[EventRounds "9"]
[EventCountry "ROU"]
[SourceTitle "CBM 113 Extra"]
[Source "ChessBase"]
[SourceDate "2006.09.14"]
[SourceVersion "1"]
[SourceVersionDate "2006.09.14"]
[SourceQuality "1"]

1. e4 c5 2. Nf3 Nf6 3. e5 Nd5 4. b3 Nc6 5. Bb2 e6 6. Na3 Be7 7. c4 Nf4 8. g3 Ng6 9. Bg2 0-0 10. 0-0 Kh8 11. Nc2 d6 12. d4 cxd4 13. exd6 Bxd6 14. Ncxd4 Nxd4 15. Qxd4 e5 16. Qc3 Qe7 17. h4 Bb4 18. Qc1 Bg4 19. a3 Bd6 20. Nh2 h5 21. Nxg4 hxg4 22. h5 Nf4 23. gxf4 exf4 24. c5 Bc7 25. f3 f5 26. h6 Rf6 27. Re1 Re6 28. Qc3 Rg8 29. hxg7+ Kh7 30. Rxe6 Qxe6 31. Re1 Qg6 32. fxg4 Qxg4 33. Qh3+ Kg6 34. Re6+ Kf7 35. Qxg4 1-0

[Event "ROM-ch"]
[Site "Baile Tusnad"]
[Date "2005.11.27"]
[Round "2"]
[White "Moraru, Marius"]
[Black "Marinescu, Mircea"]
[Result "1-0"]
[WhiteElo "2327"]
[BlackElo "2259"]
[PlyCount "81"]
[EventDate "2005.11.26"]
[EventType "swiss"]
[EventRounds "11"]
[EventCountry "ROU"]
[SourceTitle "CBM 109 Extra"]
[Source "ChessBase"]
[SourceDate "2006.01.03"]
[SourceVersion "2"]
[SourceVersionDate "2006.01.03"]
[SourceQuality "1"]

1. e4 c5 2. Nc3 e6 3. Bc4 Nf6 4. e5 d5 5. exf6 dxc4 6. fxg7 Bxg7 7. Qe2 Nc6 8. Qxc4 Nd4 9. Nb5 Qg5 10. Nc7+ Kd7 11. Nxa8 b5 12. Qf1 Bb7 13. Nf3 Bxf3 14. gxf3 Nxc2+ 15. Kd1 Nd4 16. d3 Qf5 17. Be3 Qxf3+ 18. Kd2 Rxa8 19. Rg1 Be5 20. Bxd4 cxd4 21. Qe2 Bf4+ 22. Kd1 Qd5 23. Qe4 Qxe4 24. dxe4 d3 25. Rg4 e5 26. Rxf4 exf4 27. Kd2 Rg8 28. Kxd3 Kd6 29. Rc1 Rg2 30. Ke2 Rxh2 31. Kf3 a5 32. Rd1+ Kc6 33. Rd5 a4 34. Rf5 Rh1 35. Rf6+ Kc5 36. Rxf7 Ra1 37. a3 Rb1 38. Rc7+ Kd4 39. Rd7+ Kc4 40. Rd2 b4 41. axb4 1-0

[Event "ROM-ch"]
[Site "Baile Tusnad"]
[Date "2005.11.26"]
[Round "1"]
[White "Marinescu, Mircea"]
[Black "Berescu, Alin Mile"]
[Result "0-1"]
[WhiteElo "2259"]
[BlackElo "2420"]
[PlyCount "72"]
[EventDate "2005.11.26"]
[EventType "swiss"]
[EventRounds "11"]
[EventCountry "ROU"]
[SourceTitle "CBM 109 Extra"]
[Source "ChessBase"]
[SourceDate "2006.01.03"]
[SourceVersion "2"]
[SourceVersionDate "2006.01.03"]
[SourceQuality "1"]

1. e4 e6 2. d4 d5 3. Nc3 Nf6 4. Bg5 Bb4 5. e5 h6 6. Bd2 Bxc3 7. bxc3 Ne4 8. Bd3 Nxd2 9. Kxd2 Qg5+ 10. Ke2 c5 11. Nf3 Qe7 12. dxc5 Qxc5 13. Qd2 Bd7 14. Rab1 Qc7 15. Rb4 Nc6 16. Rg4 g5 17. Qe3 f5 18. exf6 e5 19. Bg6+ Kd8 20. Rg3 Qd6 21. Rd1 Qxf6 22. Bh5 Be6 23. h4 gxh4 24. Rg6 Qf5 25. Rxh6 Kc7 26. Nxh4 Qxc2+ 27. Rd2 Qa4 28. Nf3 Qc4+ 29. Kd1 Rad8 30. Rxh8 Rxh8 31. Qg5 Qa4+ 32. Ke1 Qe4+ 33. Kf1 Qb1+ 34. Ne1 Qh7 35. Bf3 d4 36. cxd4 Bc4+ 0-1

[Event "ROM-chT"]
[Site "Tusnad"]
[Date "2004.05.05"]
[Round "5.6"]
[White "Hristodorescu, Daniel"]
[Black "Marinescu, Mircea"]
[Result "1-0"]
[WhiteElo "2275"]
[BlackElo "2238"]
[PlyCount "89"]
[EventDate "2004.05.05"]
[EventType "team-tourn"]
[EventRounds "9"]
[EventCountry "ROU"]
[SourceTitle "EXT 2008"]
[Source "ChessBase"]
[SourceDate "2007.11.25"]
[SourceVersion "1"]
[SourceVersionDate "2007.11.25"]
[SourceQuality "1"]

1. e4 e6 2. d4 d5 3. Nc3 dxe4 4. Nxe4 Nd7 5. Nf3 Ngf6 6. Nxf6+ Nxf6 7. Be2 c5 8. 0-0 cxd4 9. Nxd4 Bd7 10. Bf3 Qc7 11. Qe2 Bc5 12. Nb5 Qb6 13. a4 0-0 14. c4 Bc6 15. a5 Bxf3 16. Qxf3 Qc6 17. a6 Qxf3 18. gxf3 bxa6 19. Rxa6 Nd7 20. Be3 Bxe3 21. fxe3 Ne5 22. b3 Rfd8 23. Nd4 Kf8 24. Rfa1 Rd7 25. Kf2 Rb7 26. Ke2 Nd7 27. R1a3 Nb8 28. R6a5 Ke7 29. Kd3 g6 30. Kc3 Kd7 31. b4 f6 32. b5 e5 33. Nb3 Kc8 34. c5 g5 35. Kc4 h5 36. c6 Rh7 37. Nc5 g4 38. e4 Rg7 39. fxg4 hxg4 40. Kd5 Rh7 41. Ra2 Rh3 42. b6 axb6 43. Rxa8 bxc5 44. Rb2 Rd3+ 45. Kc4 1-0

[Event "ROM-chT"]
[Site "Tusnad"]
[Date "2004.05.03"]
[Round "3.6"]
[White "Filip, Lucian Ioan"]
[Black "Marinescu, Mircea"]
[Result "1-0"]
[WhiteElo "2309"]
[BlackElo "2238"]
[PlyCount "48"]
[EventDate "2004.05.05"]
[EventType "team-tourn"]
[EventRounds "9"]
[EventCountry "ROU"]
[SourceTitle "EXT 2008"]
[Source "ChessBase"]
[SourceDate "2007.11.25"]
[SourceVersion "1"]
[SourceVersionDate "2007.11.25"]
[SourceQuality "1"]

1. Nf3 Nf6 2. g3 d5 3. Bg2 e6 4. 0-0 b6 5. d3 Bb7 6. Nbd2 Nbd7 7. e4 dxe4 8. Ng5 Nc5 9. Ngxe4 Nfxe4 10. Nxe4 Nxe4 11. dxe4 Qxd1 12. Rxd1 Bd6 13. e5 Bxg2 14. exd6 Be4 15. dxc7 Bxc2 16. Rd4 e5 17. Rc4 Bf5 18. a4 Be6 19. Rc3 Kd7 20. a5 Rac8 21. axb6 axb6 22. Ra7 b5 23. Be3 Bc4 24. Bb6 Rxc7 1-0

[Event "Sadoveanu op"]
[Site "Romania"]
[Date "2003.08.07"]
[Round "5"]
[White "Marinescu, Mircea"]
[Black "Grigore, George Gabriel"]
[Result "0-1"]
[WhiteElo "2100"]
[BlackElo "2478"]
[PlyCount "80"]
[EventDate "2003.08.03"]
[EventType "swiss"]
[EventRounds "10"]
[EventCountry "ROU"]
[SourceTitle "EXT 2009"]
[Source "ChessBase"]
[SourceDate "2008.11.26"]
[SourceVersion "1"]
[SourceVersionDate "2008.11.26"]
[SourceQuality "1"]

1. e4 c5 2. Nf3 Nc6 3. Nc3 e5 4. g3 g6 5. Bg2 Bg7 6. d3 Nge7 7. Nd5 Nxd5 8. exd5 Ne7 9. Nd2 d6 10. 0-0 0-0 11. c3 h6 12. a4 b6 13. Nc4 Bb7 14. Ne3 Kh7 15. f4 exf4 16. gxf4 Bc8 17. Be4 f5 18. Bg2 Bd7 19. Nc2 Ng8 20. a5 Nf6 21. Bd2 Qc7 22. axb6 axb6 23. Re1 Rxa1 24. Qxa1 Re8 25. Rxe8 Bxe8 26. Qa8 Qe7 27. Bf3 Ng4 28. h3 Nf6 29. Qa6 Nd7 30. Qc8 Nf8 31. Qb8 g5 32. Ne3 Bd7 33. Nc4 g4 34. hxg4 Qh4 35. Kg2 fxg4 36. Be4+ Kg8 37. Qxd6 g3 38. Be3 Bh3+ 39. Kg1 Qg4 40. Bf3 Qxf3 0-1

[Event "Internet Section 18-B"]
[Site "Dos Hermanas"]
[Date "2003.03.18"]
[Round "3"]
[White "Galego, Luis"]
[Black "Marinescu, Mircea"]
[Result "1/2-1/2"]
[WhiteElo "2518"]
[BlackElo "2104"]
[PlyCount "189"]
[EventDate "2003.03.18"]
[EventType "swiss (blitz)"]
[EventRounds "9"]
[EventCountry "ESP"]
[SourceTitle "EXT 2004"]
[Source "ChessBase"]
[SourceDate "2003.11.25"]
[SourceVersion "1"]
[SourceVersionDate "2003.11.25"]
[SourceQuality "1"]

1. e4 c5 2. Nf3 Nf6 3. Nc3 d5 4. exd5 Nxd5 5. Bb5+ Bd7 6. Qe2 Nxc3 7. dxc3 e6 8. Ne5 Bd6 9. Nxd7 Nxd7 10. Qd3 Be7 11. Qg3 Bf6 12. Be3 Qb6 13. Bxd7+ Kxd7 14. 0-0-0+ Ke7 15. Bf4 Rhd8 16. Rxd8 Qxd8 17. Rd1 Qb6 18. Bc7 Qc6 19. Qd6+ Ke8 20. Qxc6+ bxc6 21. c4 Rc8 22. Bd6 Be7 23. Bxe7 Kxe7 24. Rd3 g6 25. Ra3 Rc7 26. Kd2 e5 27. g4 Ke6 28. g5 Rd7+ 29. Ke2 Rd4 30. Rxa7 Rxc4 31. c3 Re4+ 32. Kf3 Rh4 33. Rc7 Rf4+ 34. Ke3 Kd6 35. Rb7 Rf5 36. a4 Rxg5 37. Rxf7 Rh5 38. a5 Rxh2 39. a6 Rh1 40. a7 Ra1 41. Rxh7 Kd5 42. b3 c4 43. b4 Re1+ 44. Kd2 Ra1 45. Ke3 Ra3 46. Kd2 Ra2+ 47. Kc1 Ke4 48. Rd7 Kf3 49. Kb1 Ra6 50. Rf7+ Ke2 51. Kb2 e4 52. Rf4 Rxa7 53. Rxe4+ Kxf2 54. Rxc4 Rc7 55. Rc5 Ke3 56. Kc2 Kf4 57. b5 g5 58. Rxc6 Rb7 59. c4 g4 60. Kc3 Rg7 61. Rf6+ Ke5 62. Rf1 g3 63. Kb4 g2 64. Rg1 Kd6 65. c5+ Kc7 66. Ka5 Kb7 67. c6+ Kc7 68. Ka6 Rg3 69. Ka5 Ra3+ 70. Kb4 Rg3 71. Kc4 Kb6 72. Kd5 Rg6 73. Ke5 Kxb5 74. c7 Rc6 75. Rb1+ Ka6 76. Rg1 Rxc7 77. Rxg2 Kb7 78. Kd6 Rc6+ 79. Kd5 Rc7 80. Rb2+ Kc8 81. Rb6 Rd7+ 82. Ke6 Rc7 83. Rd6 Kb7 84. Kd5 Kc8 85. Rg6 Rd7+ 86. Ke6 Rc7 87. Rg3 Kb7 88. Rb3+ Kc8 89. Rb4 Rc6+ 90. Kd5 Rc7 91. Kd6 Rd7+ 92. Kc6 Rc7+ 93. Kb6 Rb7+ 94. Kc5 Rxb4 95. Kxb4 1/2-1/2